La educación sexual integral va a la escuela : propuestas posibles para implementar en el aula /

Guardado en:
Autor Principal: Traviani, Andrea
Otros Autores: Narváez, Jacqueline, Mieres, María A.
Formato: Libro
Publicado: Rosario : Homo Sapiens, 2013
Materias:
Etiquetas: Agregar Etiqueta
Sin Etiquetas, Sea el primero en etiquetar este registro!
LEADER 00768nam a22002295a 4500
001 CEM.cems014422
005 20140613150528.0
008 130507s2013##################000#0#####d
003 CEMS
020 |a 9789508088178 
082 0 4 |a 371.76 
100 1 |a Traviani, Andrea 
245 1 0 |a La educación sexual integral va a la escuela :  |b propuestas posibles para implementar en el aula /  |c Compilación Andrea Traviani; marcela V. Ferraro y Otros 
260 |a Rosario :  |b Homo Sapiens,  |c 2013 
300 |a 92 p. 
653 |a Educación 
653 |a Educación sexual 
653 |a Educación sexual integral 
653 |a Violencia de género 
700 1 |a Narváez, Jacqueline 
700 1 |a Mieres, María A. 
859 |a CEMS  |b BIB. CEMS - 11 de abril  |h 371.76  |i T698  |p 26981.14  |t Ej.1